All 10k+ Cities in Colombia - Statistics

General Stats
  • This quiz has been taken 29 times
  • The average score is 72 of 355
Answers on the Map
Answers color-coded by a green-red scale on the quiz's map according to % correct below.
 
Answer Stats
Department Population answer % Correct
Antioquia 2,382,399 Medellín
86%
Atlántico 1,205,284 Barranquilla
81%
Bogota 7,387,400 Bogotá
81%
Santander 570,752 Bucaramanga
76%
Valle del Cauca 2,172,527 Santiago de Cali
76%
Narino 308,095 San Juan de Pasto
71%
Bolivar 876,885 Cartagena de Indias
67%
Antioquia 247,918 Itagüí
67%
Casanare 11,216 Maní
67%
Caldas 405,234 Manizales
67%
Risaralda 385,838 Pereira
67%
Norte de Santander 685,445 San José de Cúcuta
67%
Magdalena 455,299 Santa Marta
67%
Atlántico 602,644 Soledad
67%
Quindio 287,245 Armenia
62%
Antioquia 495,483 Bello
62%
Antioquia 215,766 Envigado
62%
Tolima 492,554 Ibagué
62%
Amazonas 33,503 Leticia
62%
Huila 335,994 Neiva
62%
Boyaca 163,894 Tunja
62%
Cesar 431,794 Valledupar
62%
Valle del Cauca 40,195 Florida
57%
Choco 113,124 San Francisco de Quibdó
57%
Cundinamarca 655,025 Soacha
57%
Meta 492,052 Villavicencio
57%
Valle del Cauca 235,064 Buenaventura
52%
Caqueta 147,939 Florencia
52%
Santander 280,025 Floridablanca
52%
Cordoba 388,499 Montería
52%
Valle del Cauca 275,254 Palmira
52%
Cauca 266,561 Popayán
52%
La Guajira 126,103 Riohacha
52%
Antioquia 83,007 Rionegro
52%
San Andrés and Providencia 41,400 San Andrés
52%
Sucre 22,672 Sincé
52%
Sucre 249,323 Sincelejo
52%
Antioquia 48,787 Turbo
52%
Arauca 74,195 Arauca
48%
Santander 177,272 Barrancabermeja
48%
Antioquia 62,987 Caldas
48%
Valle del Cauca 174,951 Tuluá
48%
Casanare 143,619 Yopal
48%
Risaralda 204,280 Dosquebradas
43%
Boyaca 107,520 Duitama
43%
Cundinamarca 125,348 Facatativá
43%
Cundinamarca 114,722 Fusagasugá
43%
Putumayo 38,457 Mocoa
43%
Cundinamarca 128,012 Mosquera
43%
Huila 73,319 Pitalito
43%
Vichada 14,974 Puerto Carreño
43%
Antioquia 70,401 Sabaneta
43%
Narino 86,320 San Andrés de Tumaco
43%
Guaviare 36,354 San José del Guaviare
43%
Boyaca 111,815 Sogamoso
43%
Antioquia 98,454 Apartadó
38%
Valle del Cauca 131,641 Cartago
38%
Boyaca 49,016 Chiquinquirá
38%
Magdalena 104,999 Ciénaga
38%
Cundinamarca 95,427 Girardot
38%
Santander 141,107 Girón
38%
Valle del Cauca 110,905 Guadalajara de Buga
38%
Narino 77,343 Ipiales
38%
Valle del Cauca 123,615 Jamundí
38%
Cundinamarca 102,710 Madrid
38%
La Guajira 103,354 Maicao
38%
Norte de Santander 106,159 Ocaña
38%
Santander 139,273 Piedecuesta
38%
Bolivar 19,356 Santa Rosa de Lima
38%
Valle del Cauca 92,630 Yumbo
38%
Cundinamarca 106,461 Zipaquirá
38%
Bolivar 55,134 Arjona
33%
Cundinamarca 54,111 Cajicá
33%
Cundinamarca 105,509 Chía
33%
Tolima 50,664 El Espinal
33%
Meta 58,293 Granada
33%
Guainia 20,279 Inírida
33%
Antioquia 10,955 Necoclí
33%
Antioquia 16,351 Santa Fé de Antioquia
33%
Cundinamarca 15,355 Tocancipá
33%
Cundinamarca 31,042 Villa de San Diego de Ubaté
33%
Meta 67,906 Acacías
29%
Cesar 95,851 Aguachica
29%
Quindio 56,505 Calarcá
29%
Cordoba 59,224 Cereté
29%
Cundinamarca 20,462 Cota
29%
Cundinamarca 90,671 Funza
29%
Cundinamarca 11,252 Gachancipá
29%
Antioquia 28,652 Girardota
29%
Cundinamarca 13,470 La Calera
29%
Caldas 62,536 La Dorada
29%
Antioquia 60,997 La Estrella
29%
Atlántico 119,878 Malambo
29%
Antioquia 44,230 Marinilla
29%
Norte de Santander 46,013 Pamplona
29%
Atlántico 42,803 Puerto Colombia
29%
Santander 49,050 San Gil
29%
Sucre 12,204 San Pedro
29%
Cauca 52,246 Santander de Quilichao
29%
Caqueta 23,432 San Vicente del Caguán
29%
Bolivar 97,294 Turbaco
29%
Norte de Santander 98,637 Villa del Rosario
29%
Caldas 55,894 Villamaría
29%
Cesar 48,157 Agustín Codazzi
24%
Arauca 13,720 Arauquita
24%
Atlántico 51,730 Baranoa
24%
Antioquia 22,174 Barbosa
24%
Santander 23,249 Barbosa
24%
Antioquia 76,772 Caucasia
24%
Antioquia 47,046 Chigorodó
24%
Magdalena 56,814 Fundación
24%
Cundinamarca 13,614 Guaduas
24%
Antioquia 18,342 Guarne
24%
Tolima 23,658 Honda
24%
Choco 22,258 Istmina
24%
Antioquia 54,820 La Ceja
24%
Cundinamarca 16,854 La Mesa
24%
Antioquia 12,724 La Unión
24%
Narino 12,793 La Unión
24%
Valle del Cauca 26,991 La Unión
24%
Norte de Santander 86,266 Los Patios
24%
Quindio 30,130 Montenegro
24%
Boyaca 32,979 Puerto Boyacá
24%
Meta 18,575 Puerto López
24%
Atlántico 69,230 Sabanalarga
24%
Antioquia 12,083 Santa Bárbara
24%
Cundinamarca 23,644 Sibaté
24%
Antioquia 17,169 Sonsón
24%
Cundinamarca 17,435 Sopó
24%
Cundinamarca 17,985 Villeta
24%
Magdalena 23,623 Aracataca
19%
Cesar 37,676 Bosconia
19%
Valle del Cauca 12,670 Bugalagrande
19%
Cordoba 22,469 Ciénaga de Oro
19%
Antioquia 62,343 Copacabana
19%
Sucre 10,856 Coveñas
19%
Bolivar 92,316 Magangué
19%
Tolima 29,749 Melgar
19%
Cordoba 61,589 Montelíbano
19%
Putumayo 38,901 Puerto Asís
19%
Putumayo 12,755 Puerto Leguízamo
19%
Santander 16,175 Puerto Wilches
19%
Quindio 24,913 Quimbaya
19%
Meta 12,190 Restrepo
19%
Valle del Cauca 10,047 Restrepo
19%
Antioquia 12,479 Retiro
19%
Caldas 18,077 Riosucio
19%
Choco 14,299 Riosucio
19%
Cordoba 53,725 Sahagún
19%
Sucre 23,452 Sampués
19%
Huila 11,158 San Agustín
19%
Sucre 32,275 San Marcos
19%
Cesar 14,370 San Martín
19%
Meta 19,458 San Martín
19%
Sucre 19,008 San Onofre
19%
Tolima 27,907 San Sebastián de Mariquita
19%
Risaralda 64,297 Santa Rosa de Cabal
19%
Narino 17,302 Túquerres
19%
Santander 13,159 Vélez
19%
Caldas 11,532 Aguadas
14%
Antioquia 14,184 Amagá
14%
Antioquia 14,508 Amalfi
14%
Caldas 20,284 Anserma
14%
Cundinamarca 10,554 Chocontá
14%
Antioquia 15,604 Ciudad Bolívar
14%
Sucre 51,372 Corozal
14%
Cesar 26,422 Curumaní
14%
Valle del Cauca 10,930 Dagua
14%
Antioquia 32,823 El Bagre
14%
Magdalena 41,881 El Banco
14%
Antioquia 34,187 El Carmen de Viboral
14%
Tolima 24,551 Flandes
14%
Tolima 15,713 Fresno
14%
Atlántico 56,167 Galapa
14%
Huila 38,923 Garzón
14%
Putumayo 14,882 La Hormiga
14%
Cesar 35,513 La Jagua de Ibirico
14%
Quindio 29,752 La Tebaida
14%
Tolima 23,605 Líbano
14%
Casanare 12,178 Monterrey
14%
Antioquia 13,174 Nechí
14%
Putumayo 19,833 Orito
14%
Boyaca 20,021 Paipa
14%
Meta 20,659 Puerto Gaitán
14%
Valle del Cauca 27,626 Roldanillo
14%
Atlántico 30,739 Sabanagrande
14%
Cesar 20,857 San Alberto
14%
La Guajira 30,385 San Juan del Cesar
14%
Bolivar 27,379 San Juan Nepomuceno
14%
Bolivar 20,829 San Pablo
14%
Cordoba 53,420 Santa Cruz de Lorica
14%
Bolivar 23,090 Santa Cruz de Mompóx
14%
Antioquia 19,896 Santa Rosa de Osos
14%
Arauca 26,784 Tame
14%
Antioquia 12,657 Tarazá
14%
Cordoba 42,254 Tierralta
14%
Putumayo 13,742 Villagarzón
14%
Antioquia 29,049 Yarumal
14%
Casanare 26,517 Aguazul
10%
Valle del Cauca 10,398 Alcalá
10%
Antioquia 20,250 Andes
10%
Cordoba 27,626 Ayapel
10%
La Guajira 15,818 Barrancas
10%
Choco 10,468 Belén de Bajirá
10%
Atlántico 11,461 Candelaria
10%
Valle del Cauca 23,579 Candelaria
10%
Antioquia 33,009 Carepa
10%
Tolima 28,615 Chaparral
10%
Cesar 13,721 Chimichagua
10%
Norte de Santander 11,083 Chinácota
10%
Caldas 44,570 Chinchiná
10%
Cordoba 20,083 Chinú
10%
Quindio 21,025 Circasia
10%
Antioquia 12,081 Donmatías
10%
Bolivar 50,844 El Carmen de Bolívar
10%
Valle del Cauca 35,977 El Cerrito
10%
Magdalena 19,075 El Dificil
10%
Sucre 11,997 Galeras
10%
Valle del Cauca 10,242 Ginebra
10%
Tolima 16,656 Guamo
10%
Cordoba 11,380 La Apartada
10%
Santander 22,732 Lebrija
10%
Sucre 11,137 Los Palmitos
10%
Atlántico 14,251 Luruaco
10%
Sucre 10,205 Majagual
10%
Caldas 10,221 Manzanares
10%
Bolivar 20,451 María La Baja
10%
Cordoba 11,825 Momil
10%
Boyaca 11,539 Moniquirá
10%
Sucre 11,409 Ovejas
10%
Cundinamarca 12,714 Pacho
10%
Cesar 13,838 Pailitas
10%
Casanare 24,933 Paz de Ariporo
10%
Antioquia 11,022 Peñol
10%
Cauca 14,271 Piendamó
10%
Magdalena 47,141 Plato
10%
Cordoba 10,167 Pueblo Nuevo
10%
Cauca 36,266 Puerto Tejada
10%
Antioquia 11,632 Remedios
10%
Cordoba 15,995 San Antero
10%
Cesar 10,517 San Diego
10%
Bolivar 20,711 San Jacinto
10%
Magdalena 13,851 Santa Ana
10%
Atlántico 13,676 Santa Lucía
10%
Bolivar 19,214 Santa Rosa del Sur
10%
Sucre 26,401 Santiago de Tolú
10%
Santander 12,288 San Vicente de Chucurí
10%
Arauca 42,415 Saravena
10%
Putumayo 10,059 Sibundoy
10%
Santander 26,232 Socorro
10%
Atlántico 11,239 Suan
10%
Choco 10,753 Tadó
10%
Casanare 14,549 Tauramena
10%
Bolivar 20,769 Villanueva
10%
Casanare 26,322 Villanueva
10%
La Guajira 26,488 Villanueva
10%
Cauca 14,267 Villa Rica
10%
Antioquia 11,173 Zaragoza
10%
Valle del Cauca 31,812 Zarzal
10%
Huila 10,553 Aipe
5%
La Guajira 15,783 Albania
5%
Valle del Cauca 17,413 Andalucía
5%
Valle del Cauca 10,285 Ansermanuevo
5%
Narino 12,075 Barbacoas
5%
Cesar 16,123 Becerril
5%
Risaralda 12,460 Belén de Umbría
5%
Valle del Cauca 23,840 Caicedonia
5%
Bolivar 12,718 Calamar
5%
Caqueta 15,434 Cartagena del Chairá
5%
Cesar 16,576 Chiriguaná
5%
Santander 13,943 Cimitarra
5%
Meta 15,006 Cumaral
5%
Valle del Cauca 11,469 Darién
5%
Cauca 13,781 El Bordo
5%
Cesar 22,469 El Copey
5%
Cundinamarca 18,958 El Rosal
5%
Antioquia 24,614 El Santuario
5%
Boyaca 12,358 Garagoa
5%
Valle del Cauca 20,421 Guacarí
5%
Cauca 13,932 Guapi
5%
Risaralda 27,189 La Virginia
5%
Tolima 13,735 Lérida
5%
Santander 18,091 Málaga
5%
Atlántico 27,728 Palmar de Varela
5%
Cordoba 41,228 Planeta Rica
5%
Atlántico 15,111 Polonuevo
5%
Valle del Cauca 41,422 Pradera
5%
Antioquia 32,623 Puerto Berrío
5%
Caqueta 14,464 Puerto Rico
5%
Valle del Cauca 11,884 Rozo
5%
Santander 22,512 Sabana de Torres
5%
Caldas 11,359 Salamina
5%
Antioquia 12,494 San Pedro de Urabá
5%
Atlántico 28,095 Santo Tomás
5%
Antioquia 30,133 Segovia
5%
Valle del Cauca 31,816 Sevilla
5%
Magdalena 14,239 Sitionuevo
5%
Cauca 14,562 Timbío
5%
Bolivar 12,428 Turbaná
5%
Antioquia 15,918 Urrao
5%
Cordoba 16,434 Valencia
5%
Bolivar 10,507 Zambrano
5%
Norte de Santander 15,896 Ábrego
0%
Valle del Cauca 11,713 Aguaclara
0%
Magdalena 10,096 Algarrobo
0%
Huila 10,806 Algeciras
0%
Cesar 10,468 Astrea
0%
Bolivar 16,051 Bayunca
0%
Narino 10,859 Bocas de Satinga
0%
Magdalena 10,181 Bonda
0%
Huila 23,787 Campoalegre
0%
Atlántico 19,961 Campo de la Cruz
0%
Magdalena 13,782 Chivolo
0%
Bolivar 12,169 Clemencia
0%
Cauca 12,880 Corinto
0%
Antioquia 18,789 Currulao
0%
Cundinamarca 10,251 El Colegio
0%
Caqueta 13,522 El Doncello
0%
Valle del Cauca 10,446 El Placer
0%
Valle del Cauca 10,738 El Poblado Campestre
0%
Magdalena 15,549 El Retén
0%
Norte de Santander 16,307 El Zulia
0%
La Guajira 35,754 Fonseca
0%
La Guajira 11,905 Hatonuevo
0%
Valle del Cauca 15,990 Juanchito
0%
Atlántico 13,095 Juan de Acosta
0%
Bolivar 13,630 La Boquilla
0%
Cesar 21,142 La Loma
0%
Huila 25,791 La Plata
0%
Bolivar 10,402 Mahates
0%
Atlántico 17,499 Manatí
0%
Cauca 17,930 Miranda
0%
Caldas 11,564 Neira
0%
Magdalena 10,669 Orihueca
0%
Huila 12,475 Palermo
0%
Bolivar 14,568 Pasacaballos
0%
Cesar 14,363 Pelaya
0%
Magdalena 21,777 Pivijay
0%
Atlántico 13,652 Ponedera
0%
Cordoba 13,220 Puerto Libertador
0%
Cundinamarca 11,082 Puerto Salgar
0%
Tolima 13,186 Purificación
0%
Atlántico 17,608 Repelón
0%
Huila 11,720 Rivera
0%
Cesar 19,622 Robles
0%
Tolima 10,080 Rovira
0%
Narino 10,112 Sandoná
0%
Bolivar 12,528 San Estanislao de Kostka
0%
Antioquia 11,756 San Pedro de los Milagros
0%
Bolivar 10,455 Soplaviento
0%
Caldas 13,493 Supía
0%
Norte de Santander 19,627 Tibú
0%
Atlántico 11,394 Usiacurí
0%
Valle del Cauca 23,992 Villa Gorgona
0%
Caldas 10,705 Viterbo
0%
No matching quizzes found
Score Distribution
Percent of People with Each Score
Percentile by Number Answered
Your Score History
You have not taken this quiz